000
00337nam a2200169Ia 4500
100
_a
Axelson/Jan
650
_a
USB
942
_c
BK
366
_f
25
654
_a
USB
245
_a
USB embedded Hosts:Developers guide
260
_b
Penram
_c
2015
082
_b
AXE
300
_a
152
546
_a
ENGLISH
_c
PAMPHALETS
999
_c
24232
_d
24232